San Antonio ... ou pas - 2 - Statistiques

Statistiques générales
  • Ce quiz a été pris 102 fois
  • Le résultat moyen est 7 sur 18
Answers on the Grid
Answers color-coded by a green-red scale on the quiz's grid according to % correct below.
Alice au pays des Merguez
Morpions circus
Bon baisers où tu veux
Caviar pour tout le monde
Le coup du père François
Rue des macchabées
Les chauds lapins !
Appelez-moi la dame
Boléro pour porte-jarretelles
Du brut pour les brutes
Faut être logique
Vol au dessus d'un lit de cocu
Galantine de volaille pour dames frivoles
Les deux font la paire
La vie dissolue de Walter Klozett
Baisse la pression tu me les gonfles
Les poules se font plumer
Mesdames, vous aimez ça
Au suivant de ces messieurs
Entre la vie et la morgue
On termine et on s'en va
Zéro pour la question
Réglez-lui le compte-gouttes
Si ma tante en avait
Les eunuques ne sont jamais chauves
Sucette surprise
Maman les petits bateaux
Tango, chinetoque
Un os dans la soupe
La queue en trompette
 
Statistiques - réponses
Réponse % Correct
Tango, chinetoque
58%
Du brut pour les brutes
50%
Maman les petits bateaux
50%
Morpions circus
50%
Vol au dessus d'un lit de cocu
50%
Zéro pour la question
50%
Alice au pays des Merguez
42%
Mesdames, vous aimez ça
42%
Au suivant de ces messieurs
33%
Entre la vie et la morgue
33%
Faut être logique
33%
Galantine de volaille pour dames frivoles
33%
La queue en trompette
33%
Le coup du père François
33%
Les eunuques ne sont jamais chauves
33%
Rue des macchabées
33%
Si ma tante en avait
33%
Baisse la pression tu me les gonfles
25%
Aucun quiz correspondant
Distribution des résultats
% des personnes avec chaque résultat
Percentile par nombre de réponses
Votre historique - résultats
Vous n’avez pas pris ce quiz